| 000 | 00000nam##2200000za#4500 |
| 001 | 9.696170 |
| 003 | CaOODSP |
| 005 | 20241203113637 |
| 007 | cr ||||||||||| |
| 008 | 150407|2000||||xxc|||||o f|0| 0 eng|d |
| 040 | |aCaOODSP|beng |
| 043 | |an-cn--- |
| 086 | 1 |aEn40-611/2000E-PDF |
| 110 | 1 |aCanada. |bEnvironment Canada. |
| 245 | 12|aA federal approach to contaminated sites / |h[electronic resource]|cby Dillon Consulting Limited ; [issued by] Contaminated Sites Management Working Group. |
| 260 | |aOttawa - Ontario : |bEnvironment Canada |cNovember 2000. |
| 300 | |a64p.|bfigs., glossary, references |
| 500 | |a"November 1999". The catalogue number (En40-611/2000) and ISBN (0-662-65363-7) for the bilingual print edition have been incorrectly copied in this electronic publication. |
| 590 | |a12-21-Supp|b2012-05-18 |
| 690 | 07|aContamination|2gcpds |
| 690 | 07|aSite management|2gcpds |
| 690 | 07|aEnvironmental policy|2gcpds |
| 690 | 07|aPollution control|2gcpds |
| 710 | 2 |aDillon Consulting. |
| 775 | 08|tApproche fédérale en matière de lieux contaminés / |w(CaOODSP)9.640290 |
| 776 | 0#|tA federal approach to contaminated sites / |w(CaOODSP)9.647948 |
| 856 | 40|ahttp://publications.gc.ca|qPDF|s277 KB|uhttps://publications.gc.ca/collections/Collection/EN40-611-2000E.pdf |